Pays de l’UE dans leur langue - Mort subite - Statistiques

Statistiques générales
  • Ce quiz a été pris 4 447 fois
  • Le résultat moyen est 5 sur 27
Answers on the Grid
Answers color-coded by a green-red scale on the quiz's grid according to % correct below.
Deutschland
Österreich
Belgien
България
Κύπρος
Hrvatska
Danmark
España
Eesti
Suomi
France
Ελλάδα
Magyarország
Éire
Italia
Latvija
Lietuva
Lëtzebuerg
Malta
Nederland
Polska
Portugal
Slovensko
Slovenija
Sverige
România
Česko
Shqipëri
Белару́сь
Ísland
Црна Гора
Norge
United Kingdom
Schweiz
Украïна
Հայաստան
საქართველო
Slovačka
Ungarn
Čeština
Σουηδία
Litvanya
Tšekki
Puola
Iwerzhon
Litvánia
Grúzia
Švedija
Hispaania
Luksemburg
Norska
 
Statistiques - réponses
Réponse % Correct
France
50%
España
42%
Italia
41%
Deutschland
36%
Portugal
32%
Polska
28%
Malta
26%
Danmark
22%
Belgien
21%
România
21%
Nederland
20%
Österreich
17%
Slovenija
16%
Éire
12%
Latvija
12%
Ελλάδα
9%
Slovensko
9%
Suomi
9%
Hrvatska
8%
Česko
7%
Magyarország
7%
Sverige
7%
Eesti
6%
Lëtzebuerg
5%
Lietuva
5%
България
3%
Κύπρος
2%
Aucun quiz correspondant
Distribution des résultats
% des personnes avec chaque résultat
Percentile par nombre de réponses
Votre historique - résultats
Vous n’avez pas pris ce quiz